Accelerating growth through globalization of Indian agriculture (Record no. 84346)

MARC details
000 -LEADER
fixed length control field 00595nam a2200193Ia 4500
008 - FIXED-LENGTH DATA ELEMENTS--GENERAL INFORMATION
fixed length control field 230125s9999 xx 000 0 und d
020 ## - INTERNATIONAL STANDARD BOOK NUMBER
International Standard Book Number 0333 93599 3
041 ## - LANGUAGE CODE
Language code of text/sound track or separate title eng
082 ## - DEWEY DECIMAL CLASSIFICATION NUMBER
Classification number 330
Item number KAL/MYT
100 ## - MAIN ENTRY--PERSONAL NAME
Personal name Kalirajan K P
9 (RLIN) 107014
245 ## - TITLE STATEMENT
Title Accelerating growth through globalization of Indian agriculture
260 ## - PUBLICATION, DISTRIBUTION, ETC. (IMPRINT)
Date of publication, distribution, etc. 2001
Name of publisher, distributor, etc. Macmillan publication
Place of publication, distribution, etc. Delhi
300 ## - PHYSICAL DESCRIPTION
Extent 374p
500 ## - GENERAL NOTE
Keywords Globalization,Indian agriculture
500 ## - GENERAL NOTE
Keywords Agricultural Economics;Economics
650 ## - SUBJECT ADDED ENTRY--TOPICAL TERM
Topical term or geographic name as entry element Economics
9 (RLIN) 107015
700 ## - ADDED ENTRY--PERSONAL NAME
Personal name Kalirajan K P; Mythili G & Sankar U
9 (RLIN) 107016
Holdings
Withdrawn status Lost status Damaged status Not for loan Home library Current library Date acquired Vendor Cost, normal purchase price Total Checkouts Full call number Barcode Date last seen Cost, replacement price Bill Date Koha item type Original Barcode
        Smt. Hiraben Nanavati Institute of Management & Research for Women Smt. Hiraben Nanavati Institute of Management & Research for Women 18/03/2002 Manneys Book seller 495.00   330 KAL/MYT B02961 HIMR-BK-2961 25/01/2023 495.00 18/03/2002 Books B02961